000 00531nam a2200181 i 4500
001 140711
003 ES-MaACL
005 20230906200134.0
007 t|
008 070914s1970 sp ||||1| spa d
100 1 _aWellman, Paul I.
_9116452
245 1 3 _aLa hembra, cortesana de Bizancio
_b: novela /
_cPaul I. Wellman ; [versión Arturo Bray].
250 _a[1ª ed.].
260 _aBarcelona :
_bPlaneta,
_c[1970]
300 _a680 p. ;
_c21 cm.
700 1 _aBray, Arturo.
_931515
852 _aES-MaACL
_jC-38925
_bR.73626
999 _c140711
_d140711